Daňová soustava od roku 1993.

Zákon č. 337/1992 Zb., o správe daní a poplatkov. Zákon upravuje a zjednocuje postup správcu daní, finančných orgánov, ďalších správnych a iných štátnych orgánov a daňového poplatníka daňového subjektu. Zákon tiež upresňuje uplatnenie dane z príjmu právnických osôb, dane z pridanej hodnoty, spotrebn...

Descrizione completa

Salvato in:
Dettagli Bibliografici
Autore principale: Kunc, K.
Natura: Capitolo di libro
Lingua:ceco
Soggetti:
Tags: Aggiungi Tag
Nessun Tag, puoi essere il primo ad aggiungerne!!

MARC

LEADER 00000naa a2200000 4500
001 r011945
005 20220831094530.9
041 0 |a cze 
044 |a SK 
245 1 0 |a Daňová soustava od roku 1993.  |c K. Kunc 
520 |a Zákon č. 337/1992 Zb., o správe daní a poplatkov. Zákon upravuje a zjednocuje postup správcu daní, finančných orgánov, ďalších správnych a iných štátnych orgánov a daňového poplatníka daňového subjektu. Zákon tiež upresňuje uplatnenie dane z príjmu právnických osôb, dane z pridanej hodnoty, spotrebné dane, dane z nehnuteľností a cestné dane. 
610 2 0 |a dane 
610 2 0 |a poplatky 
610 2 0 |a sústava daňová 
610 2 0 |a zákony 
610 2 0 |a 1993 
610 2 0 |a ČSFR 
100 1 |a Kunc, K.